[Event "ECC"]
[Site "Panormo GRE"]
[Date "2001.09.26"]
[Round "4"]
[White "Starostits,I"]
[Black "Hedman,E"]
[Result "1-0"]
[WhiteElo "2411"]
[BlackElo "2354"]
[EventDate "2001.09.22"]

1. e4 e6 2. d4 d5 3. e5 c5 4. c3 Nc6 5. Be3 Nh6 6. Nf3 Qb6 7. Qd2 Nf5 8.
Bd3 cxd4 9. cxd4 Be7 10. O-O Nxe3 11. fxe3 f6 12. Nc3 O-O 13. exf6 Bxf6 14.
Kh1 Bd7 15. Rad1 Kh8 16. Bb1 Rad8 17. Ne2 Ne7 18. Nf4 Be8 19. Qd3 g6 20.
Rf2 Nf5 21. Rg1 Nd6 22. Nd2 Nf5 23. Nf3 Nd6 24. Qa3 Be7 25. Rff1 Nf5 26.
Qc3 g5 27. Nd3 g4 28. Nfe5 Rg8 29. Re1 Rg5 30. Rgf1 Bd6 31. e4 Nxd4 32.
exd5 Bxe5 33. Rxe5 Rxe5 34. Nxe5 Rxd5 35. Nxg4 Qc5 36. Nf6 Bb5 37. Nxd5
Qxc3 38. bxc3 Bxf1 39. Ne3 Nb5 40. Nxf1 Nxc3 41. Nd2 b5 42. Kg1 Kg7 43. Kf2
b4 44. Ke3 e5 45. Kd3 a5 46. Kc4 h5 47. Kb3 Nxb1 48. Nxb1 e4 49. Kc4 Kf6
50. Kd4 Kf5 51. Nd2 a4 52. Nxe4 Kf4 53. Nc5 1-0

[Event "ECC"]
[Site "Panormo GRE"]
[Date "2001.09.26"]
[Round "4"]
[White "Sjoberg,M"]
[Black "Dzjuba,V"]
[Result "1-0"]
[WhiteElo "2349"]
[BlackElo "2273"]
[EventDate "2001.09.22"]

1. d4 Nf6 2. c4 g6 3. Nc3 Bg7 4. e4 d6 5. Be2 O-O 6. Bg5 Na6 7. Qd2 e5 8.
d5 Nc5 9. f3 h6 10. Be3 Nh5 11. g3 Kh7 12. O-O-O a5 13. Re1 f5 14. exf5
gxf5 15. f4 Nf6 16. Bxc5 dxc5 17. fxe5 Ne4 18. Nxe4 fxe4 19. e6 a4 20. Qc2
Qf6 21. Qxe4+ Kg8 22. Bd3 Qxb2+ 23. Kd1 Qa1+ 24. Bb1 Bxe6 25. Qh7+ Kf7 26.
Rxe6 Ra6 27. Qg6+ Kg8 28. Ne2 1-0

[Event "ECC"]
[Site "Panormo GRE"]
[Date "2001.09.26"]
[Round "4"]
[White "Oral,T"]
[Black "Azarov,S"]
[Result "1/2-1/2"]
[WhiteElo "2540"]
[BlackElo "2461"]
[EventDate "2001.09.22"]

1. e4 e5 2. Nf3 Nc6 3. Bb5 a6 4. Bxc6 dxc6 5. O-O Qd6 6. Na3 Be6 7. Qe2
O-O-O 8. Ng5 f6 9. Nxe6 Qxe6 10. Nc4 c5 11. d3 Ne7 12. a3 Nc6 13. c3 f5 14.
exf5 Qxf5 15. Qe4 Qxe4 16. dxe4 b5 17. Ne3 Na5 18. Ng4 Nb3 19. Bg5 Re8 20.
Rad1 h6 21. Bh4 h5 22. Ne3 c4 23. f3 Nc5 24. Kh1 g6 25. Bg5 c6 26. g3 Rh7
27. Kg2 Rf7 28. h4 a5 29. Nc2 Nd3 30. b3 cxb3 31. Rxd3 bxc2 32. c4 b4 33.
axb4 axb4 34. Rc1 Rd7 35. Rb3 Be7 36. Rxc2 Bxg5 37. hxg5 c5 38. Ra2 Kb7 39.
Ra5 Rd2+ 40. Kh3 Kb6 41. Rb5+ Kc6 42. Ra5 Kb6 43. Rb5+ Kc6 44. Ra5 1/2-1/2

[Event "ECC"]
[Site "Panormo GRE"]
[Date "2001.09.26"]
[Round "4"]
[White "Kolesar,Mil"]
[Black "Litvinov,Vl"]
[Result "0-1"]
[WhiteElo "2234"]
[BlackElo "2317"]
[EventDate "2001.09.22"]

1. Nf3 Nf6 2. c4 e6 3. Nc3 d5 4. d4 dxc4 5. e3 c5 6. Bxc4 a6 7. a4 Nc6 8.
O-O cxd4 9. exd4 Be7 10. Re1 O-O 11. Bg5 h6 12. Bh4 b6 13. Qd3 Bb7 14. Rad1
Nb4 15. Qe2 Nfd5 16. Bg3 Nxc3 17. bxc3 Nd5 18. Qd3 Rc8 19. Rc1 Bg5 20. Rc2
a5 21. Bb5 Bf4 22. Ne5 Rc7 23. Nc4 Qg5 24. Ne5 Rfc8 25. Bc4 Rxc4 26. Nxc4
Ba6 27. h4 Qf6 28. Qf3 Bxc4 29. Bxf4 Qxf4 30. Qxf4 Nxf4 31. Re5 Nd5 32. Rb2
Rc6 33. f4 Nxf4 34. Re3 Nd5 0-1

[Event "ECC"]
[Site "Panormo GRE"]
[Date "2001.09.26"]
[Round "4"]
[White "Maljush,A"]
[Black "Szucs,V"]
[Result "1-0"]
[WhiteElo "2312"]
[BlackElo "2165"]
[EventDate "2001.09.22"]

1. e4 e6 2. Nc3 d5 3. Nf3 Nf6 4. exd5 exd5 5. d4 Be7 6. Bd3 Bg4 7. h3 Bh5
8. Be3 c6 9. g4 Bg6 10. Ne5 Bxd3 11. Qxd3 Nbd7 12. O-O-O Nxe5 13. dxe5 Nd7
14. f4 Qa5 15. Kb1 O-O-O 16. Qf5 Rdf8 17. g5 g6 18. Qg4 Qc7 19. h4 h5 20.
Qh3 Kb8 21. Ne2 Bc5 22. Nd4 Bxd4 23. Bxd4 Rhg8 24. Rhe1 c5 25. Bf2 Nb6 26.
f5 Ka8 27. Bg3 Qc8 28. Rf1 Nc4 29. Bh2 d4 30. Bf4 gxf5 31. b3 Nb6 32. Bd2
Re8 33. Qxf5 Qxf5 34. Rxf5 Nd5 35. Rxf7 Rxe5 36. g6 Ne3 37. Rg1 Ng4 38. g7
a6 39. Rf8+ Re8 40. Rxe8+ Rxe8 41. Rf1 1-0

[Event "ECC"]
[Site "Panormo GRE"]
[Date "2001.09.26"]
[Round "4"]
[White "Bezler,R"]
[Black "Kajan,M"]
[Result "1-0"]
[WhiteElo "2278"]
[BlackElo "2087"]
[EventDate "2001.09.22"]

1. d4 e6 2. Nf3 Nf6 3. e3 c5 4. b3 cxd4 5. exd4 b6 6. Bb2 Ba6 7. Bxa6 Nxa6
8. O-O Rc8 9. c3 Be7 10. Nbd2 d5 11. Qe2 Nb8 12. Ne5 O-O 13. Rae1 Rc7 14.
f4 Qc8 15. a4 Nc6 16. Rf3 Ne8 17. Rh3 g6 18. Nxc6 Rxc6 19. f5 Ng7 20. fxg6
fxg6 21. Rf3 Qd7 22. Rxf8+ Bxf8 23. Nf3 Rc8 24. Ne5 Qc7 25. Rf1 Re8 26. Ng4
Nh5 27. Qe3 Bg7 28. Ne5 Bxe5 29. dxe5 Qc5 30. Qxc5 bxc5 31. b4 Rb8 32. Ba3
cxb4 33. cxb4 Rc8 34. Rc1 Rc4 35. Rxc4 dxc4 36. g3 Kf7 37. b5 Ke8 38. Bc5
Kd7 39. Bxa7 Kc7 40. Kf2 Ng7 41. a5 Kb7 42. Bc5 Ne8 43. a6+ Ka8 44. b6 h5
45. Bd6 1-0

[Event "ECC"]
[Site "Panormo GRE"]
[Date "2001.09.26"]
[Round "4"]
[White "Karttunen,M"]
[Black "Berkvens,J"]
[Result "1/2-1/2"]
[WhiteElo "2466"]
[BlackElo "2444"]
[EventDate "2001.09.22"]

1. Nf3 g6 2. d4 Bg7 3. g3 d6 4. Bg2 Nf6 5. Nc3 Nbd7 6. e4 e5 7. O-O O-O 8.
h3 c6 9. a4 b6 10. Be3 Qc7 11. Qd2 Bb7 12. a5 b5 13. dxe5 dxe5 14. b4 Rfd8
15. Ne1 Ne8 16. Nd3 Nd6 17. Bh6 Nc4 18. Qc1 a6 19. Bxg7 Kxg7 20. f4 Qd6 21.
Kh1 c5 22. Rd1 Qe7 23. fxe5 Ncxe5 24. Nd5 Bxd5 25. exd5 Rac8 26. Qb2 c4 27.
Nxe5 c3 28. Qc1 Nxe5 29. Qe3 Qd6 30. Rd4 Re8 31. Re4 f5 32. Rh4 Ng4 33.
Qd4+ Nf6 34. Qd3 Re5 35. Rd4 Rce8 36. Qxc3 Re3 37. Rd3 Qxg3 38. Rf1 Rxd3
39. Qxd3 Nh5 40. Qd4+ Kh6 41. Qd2+ g5 42. d6 Qe5 43. d7 Ng3+ 1/2-1/2

[Event "ECC"]
[Site "Panormo GRE"]
[Date "2001.09.26"]
[Round "4"]
[White "Dutreeuw,M"]
[Black "Salmensuu,O"]
[Result "0-1"]
[WhiteElo "2390"]
[BlackElo "2431"]
[EventDate "2001.09.22"]

1. e4 Nc6 2. Nf3 f5 3. exf5 d5 4. b3 Bxf5 5. Bb2 a6 6. Nh4 Be6 7. Bd3 Bf7
8. Nf3 Qd6 9. O-O Bh5 10. Be2 Bxf3 11. Bxf3 O-O-O 12. d4 e5 13. dxe5 Nxe5
14. Re1 Nxf3+ 15. Qxf3 Qg6 16. Qh3+ Kb8 17. Qd3 Qxd3 18. cxd3 Nf6 19. Re2
Bb4 20. Bc3 Bc5 21. Nd2 d4 22. Bb2 Nd5 23. Ne4 Nf4 24. Rc2 Bb6 25. Rd1 Rhe8
26. f3 Nd5 27. Bc1 h6 28. Bd2 Ne3 29. Bxe3 dxe3 30. Kf1 Rxe4 0-1

[Event "ECC"]
[Site "Panormo GRE"]
[Date "2001.09.26"]
[Round "4"]
[White "Kiik,K"]
[Black "Welling,G"]
[Result "1-0"]
[WhiteElo "2449"]
[BlackElo "2376"]
[EventDate "2001.09.22"]

1. c4 g6 2. Nc3 Bg7 3. g3 c5 4. Bg2 Nc6 5. a3 d6 6. Rb1 a5 7. Nf3 h5 8. d3
Nh6 9. h3 Nf5 10. O-O Rb8 11. Bd2 Bd7 12. Ne4 b5 13. Bc3 Bxc3 14. Nxc3 b4
15. axb4 axb4 16. Ne4 O-O 17. Qd2 Kg7 18. e3 Qb6 19. b3 Ne5 20. Nh2 Bc6 21.
Rfc1 Nd7 22. Qb2+ Kg8 23. Nf3 Ra8 24. Ra1 Rxa1 25. Rxa1 Ra8 26. Rxa8+ Bxa8
27. Qa1 Bc6 28. Ned2 Nf6 29. d4 Ne4 30. d5 Nxd2 31. dxc6 Nxf3+ 32. Bxf3 d5
33. Qa8+ Kg7 34. Bxd5 Nd6 35. Qa1+ f6 36. Qa8 1-0

[Event "ECC"]
[Site "Panormo GRE"]
[Date "2001.09.26"]
[Round "4"]
[White "Van Schaardenburg,M"]
[Black "Jouhki,Y"]
[Result "1/2-1/2"]
[WhiteElo "2265"]
[BlackElo "2274"]
[EventDate "2001.09.22"]

1. e4 Nc6 2. Nc3 Nf6 3. f4 d5 4. e5 Nd7 5. d4 Nb6 6. Be3 h5 7. Nf3 Bg4 8.
h3 Bxf3 9. Qxf3 e6 10. a3 Qd7 11. g3 Na5 12. b3 O-O-O 13. Bf2 Kb8 14. Bb5
Qc8 15. Nd1 c5 16. Qc3 Nc6 17. dxc5 d4 18. Qf3 Bxc5 19. Bxc6 Qxc6 20. Qxc6
bxc6 21. b4 Be7 22. Nb2 Rd5 23. Ke2 f6 24. exf6 gxf6 25. Kf3 e5 26. Rhe1
Kc7 27. Rac1 a5 28. c4 dxc3 29. Bxb6+ Kxb6 30. bxa5+ Kxa5 31. Rxc3 Bc5 32.
Nd3 Bd6 33. fxe5 fxe5 34. Re4 Rf8+ 35. Ke2 Rg8 36. Nb2 Kb6 37. Nc4+ 1/2-1/2

[Event "ECC"]
[Site "Panormo GRE"]
[Date "2001.09.26"]
[Round "4"]
[White "Tisdall,J"]
[Black "Quinn,M"]
[Result "0-1"]
[WhiteElo "2492"]
[BlackElo "2386"]
[EventDate "2001.09.22"]

1. d4 Nf6 2. c4 e6 3. Nf3 c5 4. e3 d5 5. Nc3 Nc6 6. a3 dxc4 7. Bxc4 a6 8.
O-O Qc7 9. Qe2 b5 10. Ba2 Bd6 11. dxc5 Bxc5 12. b4 Bd6 13. Bb2 Bb7 14. Rac1
O-O 15. h3 Rac8 16. Ng5 Qe7 17. f4 Bb8 18. Nce4 Nxe4 19. Nxe4 Ne5 20. Nc5
Ng6 21. Nxb7 Qxb7 22. Rxc8 Rxc8 23. Qd3 Qb6 24. Qd4 Qxd4 25. Bxd4 Bd6 26.
Bb3 Rc7 27. Rd1 Rc6 28. Kf2 Kf8 29. g3 e5 30. Bb2 Ke7 31. Rd2 f6 32. Kf3
Nf8 33. Bd5 Rc7 34. Bg8 g6 35. h4 Ra7 36. g4 h6 0-1

[Event "ECC"]
[Site "Panormo GRE"]
[Date "2001.09.26"]
[Round "4"]
[White "Grotnes,N"]
[Black "Barber,H"]
[Result "1/2-1/2"]
[WhiteElo "2291"]
[BlackElo "2319"]
[EventDate "2001.09.22"]

1. d4 f5 2. Nc3 Nf6 3. Bg5 d5 4. Bxf6 exf6 5. e3 Be6 6. Bd3 Qd7 7. Nce2 Nc6
8. c3 Bd6 9. h4 h5 10. Qc2 Ne7 11. O-O-O O-O-O 12. Kb1 Kb8 13. Nf3 g6 14.
Nd2 Rhe8 15. g3 Nc8 16. c4 dxc4 17. Bxc4 Nb6 18. Bxe6 Qxe6 19. Rc1 Nd5 20.
a3 c6 21. Qb3 Nxe3 22. Qxe6 Rxe6 23. fxe3 Rxe3 24. Ng1 Rxg3 25. Ndf3 Re8
1/2-1/2

[Event "ECC"]
[Site "Panormo GRE"]
[Date "2001.09.27"]
[Round "5"]
[White "Timoshenko,G"]
[Black "Greenfeld,A"]
[Result "1/2-1/2"]
[WhiteElo "2554"]
[BlackElo "2571"]
[EventDate "2001.09.22"]

1. e4 e5 2. Nf3 Nf6 3. Nxe5 d6 4. Nf3 Nxe4 5. d4 d5 6. Bd3 Bd6 7. O-O O-O
8. c4 c6 9. Qc2 Na6 10. a3 Re8 11. c5 Bc7 12. Nc3 Bg4 13. Nxe4 dxe4 14.
Bxe4 Bxf3 15. Bxf3 Qxd4 16. Be3 Rxe3 17. fxe3 Qxe3+ 18. Qf2 Qxf2+ 19. Rxf2
Nxc5 20. Rd1 Bb6 21. Kf1 a5 22. b4 axb4 23. axb4 Ne6 24. Rfd2 Ra4 25. Rd7
Rxb4 26. Rxb7 Bc5 27. Rxb4 Bxb4 28. Bxc6 Kf8 29. Rd7 Nc5 30. Rd4 Ba5 31.
Ke2 Bc7 32. Rd5 Ne6 33. g3 Ke7 34. Rd7+ Kf6 35. Bd5 Be5 36. Kf3 h5 37. Ra7
Ng5+ 38. Kg2 g6 39. Bc6 Kg7 40. Bd7 Kf8 41. Ra5 Bf6 42. Ba4 Ne4 43. Kf3 Nd6
44. Bb3 Bb2 45. Kf4 Ke7 46. Ra6 Bd4 47. Ba2 Bb2 48. Bd5 Bc1+ 49. Kf3 Bb2
50. Ra2 Be5 51. Ke3 Kf6 52. Kd3 g5 53. Re2 g4 54. Bb3 1/2-1/2

[Event "ECC"]
[Site "Panormo GRE"]
[Date "2001.09.27"]
[Round "5"]
[White "Tseitlin,Ma"]
[Black "Efimenko,Z"]
[Result "0-1"]
[WhiteElo "2509"]
[BlackElo "2495"]
[EventDate "2001.09.22"]

1. e4 c5 2. Nf3 d6 3. d4 cxd4 4. Nxd4 Nf6 5. Nc3 a6 6. h3 e6 7. g4 d5 8.
Bg2 Bb4 9. Bd2 dxe4 10. Nxe4 Be7 11. Nxf6+ Bxf6 12. Be3 O-O 13. Qd2 e5 14.
Ne2 Qxd2+ 15. Bxd2 Nc6 16. Nc3 Be6 17. O-O-O Rac8 18. Nd5 Bd8 19. Be3 f5
20. Bc5 Rf7 21. gxf5 Rxf5 22. Be4 Rh5 23. Kb1 Bf5 24. Nc3 Nd4 25. Bxd4 exd4
26. Bxb7 Rb8 27. Rxd4 Bf6 28. Bd5+ Kf8 29. Rc4 Rxh3 30. Rxh3 Bxh3 31. a3 h5
32. b4 a5 33. Ne4 Bf1 34. Rc7 Be7 0-1

[Event "ECC"]
[Site "Panormo GRE"]
[Date "2001.09.27"]
[Round "5"]
[White "Rozentalis,E"]
[Black "Luther,T"]
[Result "1-0"]
[WhiteElo "2588"]
[BlackElo "2604"]
[EventDate "2001.09.22"]

1. e4 e6 2. d4 d5 3. Nd2 c5 4. Ngf3 cxd4 5. exd5 Qxd5 6. Bc4 Qd6 7. Qe2 Nf6
8. Nb3 Nc6 9. Bg5 a6 10. O-O-O b5 11. Bd3 Bb7 12. Kb1 Be7 13. Nbxd4 Nxd4
14. Nxd4 Qc5 15. h4 O-O 16. Rhe1 Rfe8 17. Nf3 h6 18. Ne5 hxg5 19. hxg5 g6
20. gxf6 Bxf6 21. f4 Rad8 22. Qg4 Bg7 23. Nxf7 Kxf7 24. Bxg6+ Kg8 25. Rxd8
1-0

[Event "ECC"]
[Site "Panormo GRE"]
[Date "2001.09.27"]
[Round "5"]
[White "Stanec,N"]
[Black "Macieja,B"]
[Result "1/2-1/2"]
[WhiteElo "2530"]
[BlackElo "2588"]
[EventDate "2001.09.22"]

1. Nf3 c5 2. c4 Nc6 3. Nc3 Nf6 4. g3 d5 5. cxd5 Nxd5 6. Bg2 g6 7. d3 Bg7 8.
Bd2 O-O 9. Nxd5 Qxd5 10. Bc3 Bd7 11. O-O Qd6 12. Bxg7 Kxg7 13. a3 1/2-1/2

[Event "ECC"]
[Site "Panormo GRE"]
[Date "2001.09.27"]
[Round "5"]
[White "Teske,H"]
[Black "Gdanski,J"]
[Result "1/2-1/2"]
[WhiteElo "2486"]
[BlackElo "2537"]
[EventDate "2001.09.22"]

1. Nf3 c5 2. b3 d6 3. d4 cxd4 4. Nxd4 Nf6 5. Bb2 Qa5+ 6. Qd2 Qxd2+ 7. Nxd2
Bd7 8. e4 Nc6 9. Nxc6 Bxc6 10. Bd3 e6 11. O-O-O O-O-O 12. Rhe1 d5 13. exd5
Nxd5 14. Be4 f6 15. g3 1/2-1/2

[Event "ECC"]
[Site "Panormo GRE"]
[Date "2001.09.27"]
[Round "5"]
[White "Gofshtein,Z"]
[Black "Hall,Je"]
[Result "1-0"]
[WhiteElo "2518"]
[BlackElo "2501"]
[EventDate "2001.09.22"]

1. d4 Nf6 2. Nf3 e6 3. Bg5 h6 4. Bh4 c5 5. e3 b6 6. Nbd2 Bb7 7. Bd3 Be7 8.
c3 Nc6 9. a3 d6 10. O-O g5 11. Bg3 g4 12. Ne1 h5 13. Bh4 cxd4 14. cxd4 Nd5
15. Bxe7 Qxe7 16. Rc1 a6 17. Be4 Nd8 18. Nd3 Rg8 19. Nc4 b5 20. Bxd5 Bxd5
21. Nd2 Bb7 22. Re1 Nc6 23. Nf4 h4 24. Rc3 g3 25. fxg3 hxg3 26. h3 Qh4 27.
Rf1 Ne7 28. Rc7 Rb8 29. Qc2 e5 30. dxe5 dxe5 31. Nd3 Rh8 32. e4 Qg5 33. Qc5
Rc8 34. Rxc8+ Bxc8 35. Nf3 Qh6 36. Nfxe5 f6 37. Nc6 Nxc6 38. Qxc6+ Bd7 39.
Qxf6 Qe3+ 40. Kh1 Rxh3+ 41. gxh3 g2+ 42. Kxg2 Qxe4+ 43. Kf2 Qxd3 44. Qe5+
Kd8 45. Qg5+ 1-0

[Event "ECC"]
[Site "Panormo GRE"]
[Date "2001.09.27"]
[Round "5"]
[White "Zoler,D"]
[Black "Hutters,T"]
[Result "1/2-1/2"]
[WhiteElo "2507"]
[BlackElo "2390"]
[EventDate "2001.09.22"]

1. d4 d6 2. Nf3 Bg4 3. c4 g6 4. Nc3 Bg7 5. e3 c5 6. Be2 cxd4 7. exd4 Nh6 8.
h3 Bxf3 9. Bxf3 Nc6 10. d5 Ne5 11. O-O Nf5 12. Be4 Rc8 13. g4 Nd4 14. b3 f5
15. gxf5 gxf5 16. Bg2 f4 17. Bxf4 O-O 18. Bxe5 Bxe5 19. f4 Bg7 20. Qd3 b5
21. Ne4 bxc4 22. bxc4 Nf5 23. Rab1 h6 24. Kh1 Qa5 25. a3 Qc7 26. Rfc1 Rb8
27. Rxb8 Qxb8 28. Ng3 Qb2 29. Rd1 Nxg3+ 30. Qxg3 Kh8 31. Be4 Qf6 32. Rg1
Rb8 33. Bc2 Kg8 34. Qd3 Kf8 35. Rg6 Qxf4 36. Rg1 Bf6 37. Rf1 Qg5 38. Rg1
Qf4 39. Rf1 Qg5 40. Qh7 Qg7 41. Qf5 Qg5 42. Qe6 Rb2 43. Rg1 Rxc2 44. Rxg5
hxg5 45. Qc8+ Kf7 46. a4 a5 47. Kg1 Ra2 48. Qd7 Rc2 49. Qc8 Ra2 50. Qd7 Rc2
51. Qc8 1/2-1/2

[Event "ECC"]
[Site "Panormo GRE"]
[Date "2001.09.27"]
[Round "5"]
[White "Fries Nielsen,NJ"]
[Black "Finkel,A"]
[Result "1/2-1/2"]
[WhiteElo "2383"]
[BlackElo "2485"]
[EventDate "2001.09.22"]

1. b3 e5 2. Bb2 Nc6 3. e3 Nf6 4. Bb5 Bd6 5. Na3 a6 6. Bxc6 dxc6 7. Nc4 Qe7
8. Ne2 b5 9. Nxd6+ cxd6 10. O-O O-O 11. Qe1 c5 12. f4 Re8 13. Qh4 Nd5 14.
Qxe7 Rxe7 15. fxe5 dxe5 16. a4 b4 17. e4 Nc7 18. d3 f6 19. Ng3 Ne6 20. Nf5
Rd7 21. Rf2 Bb7 22. Re1 Rad8 23. Ne3 Nd4 24. Nc4 Re7 25. Na5 Rd6 26. Rc1
Bc8 27. c3 bxc3 28. Rxc3 Bg4 29. Rxc5 Ne2+ 30. Kf1 Nf4 31. Rc3 Red7 32. Rd2
Rxd3 33. Rdxd3 Rxd3 34. Rxd3 Nxd3 35. Ba3 Bd1 36. g3 Kf7 37. Nb7 Ke6 38. a5
Bf3 39. Nd6 g6 40. Ne8 Bxe4 41. Nc7+ Kd7 42. Nxa6 Bb7 43. Nc5+ Nxc5 44.
Bxc5 Ba6+ 1/2-1/2

[Event "ECC"]
[Site "Panormo GRE"]
[Date "2001.09.27"]
[Round "5"]
[White "Stisis,Y"]
[Black "Bekker Jensen,Da"]
[Result "1-0"]
[WhiteElo "2391"]
[BlackElo "2284"]
[EventDate "2001.09.22"]

1. e4 c5 2. Nf3 d6 3. d4 Nf6 4. Nc3 cxd4 5. Nxd4 a6 6. Bc4 e6 7. O-O b5 8.
Bb3 Be7 9. Qf3 Qc7 10. Qg3 Nc6 11. Nxc6 Qxc6 12. f3 Bb7 13. Be3 O-O 14. Ne2
e5 15. Rfd1 Bc8 16. Nc3 Be6 17. Nd5 Bxd5 18. exd5 Qc7 19. a4 b4 20. a5 Rab8
21. Ba4 Qc4 22. Qf2 Bd8 23. Bc6 Rc8 24. b3 Qc3 25. Bb7 Rb8 26. Bc6 Rc8 27.
Qd2 e4 28. Qxc3 bxc3 29. Bb7 Rb8 30. Bxa6 Ra8 31. Bb7 Rxa5 32. Rxa5 Bxa5
33. Ra1 Bd8 34. Bc6 exf3 35. gxf3 Nh5 36. b4 f5 37. b5 f4 38. Bd4 g6 39. b6
Ng7 40. Bd7 Rf7 41. b7 Bc7 42. Ra8+ Rf8 43. Be6+ 1-0

[Event "ECC"]
[Site "Panormo GRE"]
[Date "2001.09.27"]
[Round "5"]
[White "Berndt,S"]
[Black "Nedev,T"]
[Result "1-0"]
[WhiteElo "2479"]
[BlackElo "2514"]
[EventDate "2001.09.22"]

1. e4 c5 2. Nf3 Nc6 3. d4 cxd4 4. Nxd4 Nf6 5. Nc3 d6 6. Bc4 e6 7. Be3 a6 8.
Qe2 Qc7 9. O-O-O Na5 10. Bd3 b5 11. a3 Rb8 12. Rhe1 Be7 13. g4 O-O 14. f4
Nd7 15. g5 Re8 16. e5 dxe5 17. Nxe6 fxe6 18. Bxh7+ Kxh7 19. Qh5+ Kg8 20.
Rxd7 Bxd7 21. g6 Bxa3 22. fxe5 Qxe5 23. Qxe5 Bxb2+ 24. Kb1 Bxc3 25. Qh5 1-0

[Event "ECC"]
[Site "Panormo GRE"]
[Date "2001.09.27"]
[Round "5"]
[White "Dancevski,O"]
[Black "Poldauf,D"]
[Result "1-0"]
[WhiteElo "2435"]
[BlackElo "2403"]
[EventDate "2001.09.22"]

1. d4 Nf6 2. c4 g6 3. Nc3 Bg7 4. e4 d6 5. Bg5 h6 6. Bh4 O-O 7. f4 c5 8. d5
b5 9. cxb5 a6 10. Nf3 axb5 11. e5 dxe5 12. fxe5 Ng4 13. Bxb5 Nxe5 14. O-O
g5 15. Nxe5 Bxe5 16. Bf2 Qc7 17. Qh5 Kg7 18. Be3 Bd4 19. Rae1 Qe5 20. Qf3
Ra7 21. Kh1 f5 22. Bxg5 hxg5 23. Rxe5 Bxe5 24. Qe3 Bf4 25. Qxc5 Rc7 26.
Qd4+ Kg6 27. Rxf4 gxf4 28. Qb6+ 1-0

[Event "ECC"]
[Site "Panormo GRE"]
[Date "2001.09.27"]
[Round "5"]
[White "Thiede,L"]
[Black "Colovic,A"]
[Result "1-0"]
[WhiteElo "2410"]
[BlackElo "2384"]
[EventDate "2001.09.22"]

1. g3 g6 2. c4 Bg7 3. Bg2 e5 4. Nc3 Nc6 5. d3 Nf6 6. Rb1 a5 7. a3 O-O 8. b4
axb4 9. axb4 Nd4 10. e3 Nf5 11. Nge2 c6 12. e4 Nd4 13. O-O d6 14. Nxd4 exd4
15. Ne2 Ne8 16. Bb2 Qb6 17. Qb3 Nc7 18. Bc1 Bg4 19. f3 Be6 20. Bf4 Nb5 21.
Kh1 Rfd8 22. Bg5 Re8 23. Bd2 Nc7 24. Ra1 Bd7 25. Bf4 Be5 26. Rxa8 Nxa8 27.
Bd2 Nc7 28. f4 Bg7 29. f5 Bxf5 30. exf5 Rxe2 31. fxg6 Ne6 32. gxf7+ Kf8 33.
Qd1 Re5 34. Be4 d5 35. cxd5 cxd5 36. Bxh7 Ng5 37. Bg8 Ne4 38. dxe4 dxe4 39.
Qg4 Qd8 40. Rc1 Qf6 41. Qc8+ 1-0

[Event "ECC"]
[Site "Panormo GRE"]
[Date "2001.09.27"]
[Round "5"]
[White "Kishnev,S"]
[Black "Azmaiparashvili,Z"]
[Result "0-1"]
[WhiteElo "2498"]
[BlackElo "2674"]
[EventDate "2001.09.22"]

1. d4 d6 2. e4 Nf6 3. Nc3 e5 4. dxe5 dxe5 5. Qxd8+ Kxd8 6. Nf3 Bd6 7. Bc4
Ke7 8. Bg5 c6 9. O-O-O Bc7 10. h3 Nbd7 11. Rhe1 h6 12. Bd2 b5 13. Bf1 Bb6
14. Be3 Re8 15. Bxb6 axb6 16. a3 Kd8 17. Nh4 g6 18. Be2 Kc7 19. Bg4 Nxg4
20. hxg4 Nf6 21. f3 h5 22. gxh5 Nxh5 23. Ne2 b4 24. g4 Ng7 25. Kb1 bxa3 26.
b3 Ne6 27. Ka2 Ba6 28. c4 b5 29. cxb5 Bxb5 30. Nc3 Nf4 31. Rd2 Red8 32.
Red1 Rxd2+ 33. Rxd2 Bf1 34. Nd1 Nd3 35. Ne3 Nc1+ 36. Kb1 a2+ 37. Rxa2 Rxa2
38. Kxc1 Rh2 39. Nxf1 Rh1 40. Kd2 Rxf1 41. Ke2 Rb1 0-1

[Event "ECC"]
[Site "Panormo GRE"]
[Date "2001.09.27"]
[Round "5"]
[White "Ahn,M"]
[Black "Palac,M"]
[Result "1/2-1/2"]
[WhiteElo "2340"]
[BlackElo "2578"]
[EventDate "2001.09.22"]

1. e4 c5 2. Nf3 d6 3. d4 cxd4 4. Nxd4 Nf6 5. Nc3 a6 6. f4 Qc7 7. Nf3 Nbd7
8. a4 e6 9. Bd3 g6 10. O-O Bg7 11. Kh1 O-O 12. Qe1 b6 13. Qh4 Bb7 14. f5
Rae8 15. Bh6 Qc5 16. fxg6 fxg6 17. Ng5 Bxh6 18. Qxh6 Qc7 19. Rf4 Nc5 20.
Bc4 d5 21. Raf1 Qg7 22. Qxg7+ Kxg7 23. b4 h6 24. e5 Nfd7 25. Rf7+ Kg8 26.
bxc5 dxc4 27. Rxf8+ Rxf8 28. Rxf8+ Kxf8 29. Nxe6+ Ke7 30. Nf4 Nxc5 31. Kg1
Kf7 32. h4 g5 33. hxg5 hxg5 34. Nh3 Ke6 35. Nxg5+ Kxe5 36. Kf2 Bc6 37. Nf3+
Kf6 38. Nd2 Nxa4 39. Nxa4 Bxa4 40. Nxc4 b5 41. Ne3 1/2-1/2

[Event "ECC"]
[Site "Panormo GRE"]
[Date "2001.09.27"]
[Round "5"]
[White "Yemelin,V"]
[Black "Meessen,R"]
[Result "1-0"]
[WhiteElo "2507"]
[BlackElo "2323"]
[EventDate "2001.09.22"]

1. e4 e6 2. d4 d5 3. Nd2 Nf6 4. e5 Nfd7 5. c3 c5 6. Bd3 Nc6 7. Ne2 cxd4 8.
cxd4 Qb6 9. Nf3 f6 10. exf6 Nxf6 11. O-O Bd6 12. Nc3 O-O 13. Be3 Bd7 14.
Re1 Be8 15. Ne5 Kh8 16. Na4 Qc7 17. Rc1 Bh5 18. Qd2 Ng4 19. Nxg4 Bxg4 20.
h3 Bf5 21. Be2 Rad8 22. Bg5 Rd7 23. Bh5 g6 24. Bd1 e5 25. dxe5 Bxe5 26. Nc5
Rdf7 27. Bh6 Rd8 28. Ba4 Bc8 29. Re2 Nd4 30. Rxe5 Qxe5 31. Re1 Nf3+ 32.
gxf3 Qf5 33. Qd4+ Kg8 34. Bd2 h5 35. Bc3 Kh7 36. Be8 Qg5+ 37. Kh1 Rxe8 38.
Rxe8 Qc1+ 39. Kh2 g5 40. Rh8+ Kg6 41. Rg8+ 1-0

[Event "ECC"]
[Site "Panormo GRE"]
[Date "2001.09.27"]
[Round "5"]
[White "Petzold,K"]
[Black "Lugovoi,A"]
[Result "0-1"]
[WhiteElo "2269"]
[BlackElo "2485"]
[EventDate "2001.09.22"]

1. Nf3 Nf6 2. c4 e6 3. d4 d5 4. cxd5 exd5 5. Nc3 c6 6. Bg5 Be7 7. Qc2 g6 8.
e3 Bf5 9. Bd3 Bxd3 10. Qxd3 O-O 11. O-O Nbd7 12. Nd2 Re8 13. Rfe1 Nf8 14.
Rab1 a5 15. Bxf6 Bxf6 16. b4 axb4 17. Rxb4 b5 18. Rb2 Be7 19. Qc2 Ba3 20.
Rb3 Ra6 21. Qd3 Qa5 22. Ne2 Nd7 23. Reb1 Bf8 24. Nc1 Nb6 25. Qc3 Nc4 26.
Nf3 Qc7 27. Ne1 Ba3 28. Ned3 Bxc1 29. Nxc1 h5 30. Qe1 Qa7 31. Qd1 Qd7 32.
Rb4 Qf5 33. R1b3 Ra7 34. Rc3 Qg4 35. Qc2 Qxd4 36. h3 Qf6 37. Ne2 Rea8 38.
Nc1 Ra5 39. Rbb3 Ra4 40. Rd3 Nb6 0-1

[Event "ECC"]
[Site "Panormo GRE"]
[Date "2001.09.27"]
[Round "5"]
[White "Gelashvili,T"]
[Black "Plumanns,D"]
[Result "1-0"]
[WhiteElo "2506"]
[BlackElo "2199"]
[EventDate "2001.09.22"]

1. e4 c6 2. d4 d5 3. e5 Bf5 4. h4 h5 5. c4 e6 6. Nc3 Bb4 7. Qb3 Bxc3+ 8.
bxc3 Qb6 9. Qa3 Nd7 10. Nf3 Ne7 11. Be2 c5 12. Bg5 f6 13. exf6 gxf6 14. Be3
dxc4 15. Bxc4 Nd5 16. Bxd5 exd5 17. dxc5 Qe6 18. Nd4 Qe4 19. Nxf5 Qxf5 20.
Qb3 Qe4 21. O-O-O O-O-O 22. Qxd5 Qa4 23. Qb3 Qa5 24. Rd5 Ne5 25. Rhd1 Rxd5
26. Rxd5 Rd8 27. c6 Rxd5 28. Qxb7+ Kd8 29. c7+ Qxc7 30. Qxd5+ Kc8 31. Qa8+
1-0

[Event "ECC"]
[Site "Panormo GRE"]
[Date "2001.09.27"]
[Round "5"]
[White "Olafsson,H"]
[Black "Halkias,S"]
[Result "1/2-1/2"]
[WhiteElo "2460"]
[BlackElo "2505"]
[EventDate "2001.09.22"]

1. Nf3 c5 2. b3 Nc6 3. Bb2 d6 4. d4 cxd4 5. Nxd4 Nf6 6. c4 e5 7. Nxc6 bxc6
8. g3 h5 9. Bg2 Qc7 10. h3 Be6 11. O-O Rd8 12. e3 Qc8 13. Kh2 d5 14. cxd5
Bxd5 15. Qe2 Bxg2 16. Kxg2 Ne4 17. Rh1 Qe6 18. f3 Nd6 19. e4 Nb5 20. Rc1
Rh6 1/2-1/2

[Event "ECC"]
[Site "Panormo GRE"]
[Date "2001.09.27"]
[Round "5"]
[White "Miladinovic,I"]
[Black "Arnason,J"]
[Result "1/2-1/2"]
[WhiteElo "2496"]
[BlackElo "2528"]
[EventDate "2001.09.22"]

1. d4 Nf6 2. c4 e6 3. Nc3 Bb4 4. g3 c5 5. Nf3 cxd4 6. Nxd4 O-O 7. Bg2 d5 8.
cxd5 Nxd5 9. Bd2 Nxc3 10. bxc3 Be7 11. O-O e5 12. Nc2 Nc6 13. Ne3 Be6 14.
Rb1 Qd7 15. c4 Rac8 16. Nd5 Bc5 17. e3 b6 18. Bc3 Rfd8 19. Rb2 1/2-1/2